[Event "Bundesliga 9697"]
[Site "Germany"]
[Date "1997.02.02"]
[Round "?.5"]
[White "Donev, Ivo Hristov"]
[Black "Michaelsen, Nils"]
[Result "1-0"]
[WhiteElo "2420"]
[BlackElo "2440"]
[Annotator "Donev,I"]
[PlyCount "207"]
[EventDate "1996.10.12"]
[EventType "team-tourn"]
[EventRounds "15"]
[EventCountry "GER"]
[SourceTitle "GER-chT"]
[Source "ChessBase"]
[SourceDate "1999.07.01"]
[SourceVersion "1"]
[SourceVersionDate "1999.07.01"]
[SourceQuality "1"]
[WhiteTeam "Eppingen"]
[BlackTeam "Hamburger SK"]
[WhiteTeamCountry "GER"]
[BlackTeamCountry "GER"]

1. e4 c5 2. Nc3 Nc6 3. g3 g6 4. Bg2 Bg7 5. d3 d6 6. f4 Rb8 7. Nf3 b5 8. O-O b4
9. Nd5 e6 10. Ne3 Nge7 11. a3 {[%cal Ya1a7] Wie wir später sehen werden, wird
Weiß in vielen Varianten den Ra1 für die offene a-Linie brauchen.} a5 12. axb4
axb4 13. f5 $5 exf5 14. exf5 Nxf5 {[%cal Yg2c6,Yf1f5] Die Idee von diesem
Bauernopfer ist, das Spiel zu öffnen (die Diagonalen c1-h6 , h1-a8 und die
Vertikalen e1-e8, f1-f8) um den weißen Entwicklungsvorsprung zu nützen.} 15.
Nxf5 Bxf5 16. Re1+ $1 $146 {Mir scheint dieser natürliche Zug logischer als
die bisher bekannte Fortsetzung 16. Ng5.} (16. Ng5 Ne5 17. g4 $5 (17. Bd5 Qd7
18. c3 bxc3 19. bxc3 O-O $17 {0-1 Roos,D-Miles,A/Amsterdam 1978}) 17... Bd7 $1
18. Bd5 O-O 19. Ra7 Qe8 20. Qe1 $6 Bc6 $1 21. Qe4 Bxd5 22. Qxd5 Qc6 $1 23. Qxc6
Nxc6 24. Raxf7 Nd4 $15 {Bastian-Miles,Baden Baden 1981}) 16... Be6 (16... Ne7
17. Ra7 Bd7 18. Bf4 Rb6 19. Qe2 $14) (16... Ne5 17. d4 cxd4 18. Nxd4 Bd7 19.
Nc6 Bxc6 (19... Qb6+ 20. Be3 $18) 20. Bxc6+ Kf8 21. Bd5 $14) 17. Ng5 Ne5 18.
Nxe6 fxe6 {Auf den ersten Blick hat der Nachziehende einen gesunden Mehrbauern
und einen super Springer im Zentrum. Er braucht nur noch die kurze Rochade,
und der schwarze Vorteil ist gesichert. Gefühlsmäßig denke ich, daß der
Anziehende mehr als genug Kompensation für den geopferten Bauern hat - das
starke Läuferpaar, die besser plazierten Ra1 und Re1 und die bessere
Königsstellung.} 19. Rxe5 $3 {Nach zwanzigminütiger Überlegung spielte ich
diesen Zug. Nach dem Textzug wird der schwarze Monarch Schwierigkeiten
bekommen.} (19. Rf1 Rf8 20. Ra7 $1 $11) (19. Bh3 Qe7 20. Rf1 Bf6 $17) 19...
dxe5 $2 {Diesen Zug spielte mein Gegner nach zwanzigminütiger Überlegung.
Natürlicher wäre 19... Be5, wonach der schwarze Monarch auf g8 festgenagelt
wird:} (19... Bxe5 $142 20. Bc6+ Kf8 (20... Kf7 21. Ra7+ Kg8 22. Qf3 Qf6 23.
Bh6 Qxf3 24. Bxf3 Bxb2 25. Re7 d5 26. Bg4 (26. Rxe6 Rd8 27. Re7) 26... Rb6) (
20... Ke7 $2 21. Bg5+ Bf6 22. Bxf6+ Kxf6 23. Qf1+ $1 Kg7 24. Ra7+ Kh6 25. Qh3+
Kg5 26. Qh4+ Kf5 27. Qf4#) 21. Bh6+ Kg8 (21... Bg7 22. Qf1+ Kg8 23. Bxg7 Kxg7
24. Ra7+ Kh6 25. Qh3+ $18) 22. Ra7 (22. Qf3 Qf6 23. Ra7 Qxf3 24. Bxf3) 22...
Qb6 23. Bd7 Qxa7 24. Bxe6+ Qf7 $13) 20. Bc6+ Kf8 21. Qf3+ Qf6 ({Eine
interresante taktische Möglichkeit könnte sich in folgender Variante ergeben:} 
21... Kg8 22. Ra7 Qf6 {[#]} 23. Bh6 $3 $18) 22. Qe4 (22. Be3 Qxf3 23. Bxc5+ Kg8
24. Bxf3 e4 $1 {Und der Bg7 lebt.}) 22... Kg8 23. Be3 Qe7 (23... Bf8 24. Ra7)
24. Ra5 h5 25. Bxc5 (25. Qxg6 Qf6 (25... Qc7 26. Qxe6+ Qf7 27. Qd6 $18) 26. Qe4
Rf8 27. Ra1 $16) 25... Qd8 26. Ra7 Kh7 27. Qxe5 Rg8 28. Be4 ({Die logische
Fortsetzung des weißen Angriffs wäre:} 28. Bd4 $1 Qf8 29. Be4 Kh8 30. Bxg6 $1
$18) 28... Kh8 29. Bxg6 Qd5 30. Qxd5 (30. Rxg7 Rxg7 31. Qxb8+ Rg8 32. Qxb4 Rxg6
$16) (30. Qxh5+ Qxh5 31. Bxh5 Bxb2 $16) 30... exd5 31. Kg2 (31. Bxh5 Bxb2 32.
Bf3 $16) 31... h4 32. Bd4 (32. g4 $5 $16) (32. gxh4 $5 $16) 32... Rbc8 33. c3
bxc3 34. bxc3 hxg3 35. hxg3 {Die Idee Kh3-Kh4-Kh5 nebst Rg7! und Kh6 ist nur
ein Traum.} (35. h4 $3 Rb8 (35... Rc6 36. h5 Re6 37. Kxg3 $18) 36. h5 Rb2+ 37.
Kxg3 Rd2 38. h6 $18) 35... Rc6 36. Bf5 (36. Bf7 Bxd4 $11) 36... Rh6 37. Be3 Rh5
38. Bg6 (38. g4 $2 Bxc3 $13) 38... Re5 39. Bf4 Re2+ 40. Kf3 Rc2 41. Rd7 Rf8 42.
Rxd5 Bxc3 {[#]} (42... Rxc3 $142) 43. d4 $1 {Schneidet den schwarzen Läufer
vom eigenen König ab. Außerdem bekommt Bf4 einen wunderschönen Stützpunkt auf
e5.} Rh2 44. Ke4 (44. Kg4 Rxf4+ 45. Kxf4 (45. gxf4 Rd2 $11) 45... Rd2 46. Ke4 (
46. Rd8+ Kg7 $11) 46... Rg2 47. Rg5 Rd2 48. d5 $16 Rd4+) 44... Kg7 45. Bf5 Rf7
46. Be5+ Kf8 47. g4 $18 Rh1 48. Rd8+ Ke7 49. Rb8 Ra1 50. Kd3 Ba5 51. Kc2 (51.
d5 Rd1+ 52. Kc4 Rc1+ 53. Kb5 Bc7 54. Rc8 Rxf5 $1 55. Rxc7+ Rxc7 56. gxf5 Rc2
$11) 51... Rf1 52. Rb5 Bd8 53. Bg3 Rh1 54. Bf4 Rg1 {Hier sind beide Gegner
wieder in Zeitnot!} 55. Bg5+ ({Leicht gewinnt:} 55. Rb7+ $142 $1 Kf8 (55... Kf6
56. Be5+ $18) 56. Bh6+ Ke8 57. Bg6 Rgf1 58. Bxf7+ Rxf7 59. Rxf7 Kxf7 60. Kd3
$18) 55... Ke8 56. Bg6 (56. Re5+ $142 $1 Be7 (56... Re7 57. Bxe7 Bxe7 58. Kd3)
57. Bg6 Kf8 (57... Rxg4 58. Rxe7+ $18) 58. Bxf7 Bxg5 59. Rxg5 Kxf7 60. Kd3 $18)
(56. Rb8 Rxf5 57. Rxd8+ Kf7 58. gxf5 Rxg5 59. Rd5 $16) 56... Rxg4 57. Bxf7+
Kxf7 58. Bxd8 Rxd4 {[#] Ich wußte, daß diese Stellung theoretisch Remis ist,
aber nach so vielen verpaßten Möglichkeiten war es meine Pflicht, wenigstens
den Versuch zu unternehmen, die Partie noch zu gewinnen.} 59. Bb6 Rd7 60. Kc3
Ke6 61. Bd4 Rd5 62. Rb8 Rh5 63. Rb6+ Kf5 64. Kd3 Rh3+ 65. Be3 Rh4 66. Rb5+ Ke6
67. Bd4 Rh1 68. Kc4 Rc1+ 69. Bc3 Rd1 70. Re5+ Kd6 71. Re4 Rc1 72. Re2 {Die
Idee: Der Turm deckt das Feld c2 ab und falls er mit dem schwarzen Turm zieht,
kommt Bb4.} Kd7 73. Kd4 Rd1+ 74. Kc5 Rc1 75. Re3 Rh1 76. Kd5 Rh5+ 77. Be5 Rh1
78. Ra3 Rd1+ 79. Bd4 Rc1 80. Ra2 Rd1 (80... Rc6 81. Bc5 Rc8 82. Rh2 {Und
wieder wird der schwarze Monarch auf die 8 Reihe abgedrängt.}) 81. Ra7+ Ke8 82.
Ke5 {Endlich ist der schwarze König auf die 8 Reihe abgedrängt. Noch eine
Kleinigkeit ist anzumerken: Weiß hat bis zum Partieende nur noch 5 Minuten -
Schwarz nur noch 3 Minuten!} Re1+ 83. Kf6 Kd8 84. Be5 {Der sogenante
Brückenbau. Der weiße König will nach e6.} Rc1 85. Ke6 {Die weißen Steine
stehen optimal.} Kc8 86. Bd6 Rc2 87. Kd5 Kd8 $8 88. Be5 Kc8 89. Bf4 Rc3 90. Bd6
Rc2 $2 $18 (90... Kd8 $8) 91. Bc5 $8 Kd8 92. Kc6 $8 Ke8 93. Re7+ $8 Kd8 94. Rf7
$2 $11 {Hier begann wieder das Zeitnotspiel. Beide Kontrahenten haben weniger
als 4 Minuten bis zum Ende der Partie. Leider habe ich zu spät gesehen, daß
jeder Turmabzug auf die e-Linie (außer Re8 und Re2) leicht gewinnen konnte.} (
94. Re1 $1 {Nach jedem schwarzen Turmzug auf der 2.Reihe gewinnt Bb6+.} Rc3 (
94... Rc4 95. Ra1 $18) 95. Rf1 $18) 94... Re2 $8 95. Rf1 Re6+ 96. Bd6 Re2 97.
Rf8+ Re8 98. Rf7 Re2 99. Bb4 Re6+ 100. Bd6 Re2 101. Rf1 Re3 102. Ra1 {Die
beiden Fallkläppchen sind schon oben! Weiß hat 2 Min. - Schwarz nurmehr 1Min.
bis zum Partieende.} Rc3+ $2 $18 {Es ist selbsverständlich, in starker Zeitnot
solch ein Schach zu geben.} (102... Ke8 103. Rf1 Kd8 $11) 103. Bc5 $8 Ke8 104.
Rf1 {Das Endspiel R + B gegen R habe ich mit der Endpiel-CD analysiert und die
jeweils besten Züge herausgefunden.} 1-0

[Event "SUI-chT"]
[Site "Switzerland"]
[Date "1995.??.??"]
[Round "3"]
[White "Donev, Ivo Hristov"]
[Black "Domont, Alexandre"]
[Result "1-0"]
[WhiteElo "2385"]
[BlackElo "2340"]
[Annotator "Donev,I"]
[PlyCount "79"]
[EventDate "1995.??.??"]
[EventType "team-tourn"]
[EventRounds "9"]
[EventCountry "SUI"]
[SourceTitle "CBM 049 Extra"]
[Source "ChessBase"]
[SourceDate "1996.01.01"]
[SourceVersion "1"]
[SourceVersionDate "1996.01.01"]
[SourceQuality "1"]

1. e4 c5 2. Nc3 Nc6 3. g3 g6 4. Bg2 Bg7 5. d3 Rb8 6. f4 d6 7. Nf3 Nh6 8. O-O
O-O 9. Kh1 Kh8 10. Be3 Nd4 11. Qd2 (11. Nh4 f5 12. Qd2 Bd7 13. Rae1 Bc6 14. Nd1
$14 {/\c3}) 11... Nxf3 12. Rxf3 f5 13. Re1 (13. e5 Ng4 14. exd6 exd6 15. Bg1
Bd7 16. Re1 Bc6 17. Rff1 $10) 13... b6 (13... Bd7 14. e5 Bc6 15. Rff1 Qd7 16.
e6 Qc7 17. Nd5 $13 (17. d4 $5)) 14. d4 cxd4 (14... Bb7 15. d5 fxe4 16. Nxe4
Bxb2 17. c3 Ba3 18. Ng5 $44) (14... e6 15. Bg1) 15. Bxd4 e5 16. Bg1 (16. fxe5
dxe5 17. Be3 Qxd2 18. Bxd2 Bb7 $10) 16... exf4 17. Rxf4 Bb7 18. Bd4 Bxd4 19.
Qxd4+ Qf6 20. Qxf6+ (20. exf5 Bxg2+ 21. Kxg2 Qxd4 22. Rxd4 Nxf5 $14) 20... Rxf6
21. exf5 Bxg2+ 22. Kxg2 Nxf5 23. Re7 Nxe7 (23... Rbf8 24. Rxa7 Ne3+ 25. Kf3
Rxf4+ 26. gxf4 Nxc2 27. Ke4 $14) (23... g5 $1 24. Rf2 Rbf8 25. Ne4 $14) 24.
Rxf6 Rd8 25. Rf7 Re8 26. Ne4 Ng8 (26... Nf5 27. Rxh7+ Kxh7 28. Nf6+ Kg7 (28...
Kh6 29. Nxe8 Ne3+ 30. Kf3 Nxc2 31. Nxd6 $16) 29. Nxe8+ Kf8 30. g4 $14) 27. Nxd6
$16 Re2+ 28. Rf2 Re6 29. Nb5 Re7 30. c4 Kg7 31. Nc3 Nf6 32. Rxf6 Kxf6 33. Nd5+
Ke6 34. Nxe7 Kxe7 35. Kf3 Kd6 36. Ke4 Kc5 37. Kd3 Kb4 38. Kd4 a5 39. g4 g5 40.
Kd5 1-0

[Event "RUS-Cup4"]
[Site "Perm"]
[Date "1997.02.08"]
[Round "1"]
[White "Krapivin, Vladislav"]
[Black "Filippov, Valerij"]
[Result "0-1"]
[WhiteElo "2300"]
[BlackElo "2510"]
[Annotator "Donev,I"]
[PlyCount "84"]
[EventDate "1997.02.02"]
[EventType "swiss"]
[EventRounds "9"]
[EventCountry "RUS"]
[SourceTitle "CBM 058"]
[Source "ChessBase"]
[SourceDate "1997.06.01"]
[SourceVersion "1"]
[SourceVersionDate "1997.06.01"]
[SourceQuality "1"]

1. e4 c5 2. Nc3 Nc6 3. g3 g6 4. Bg2 Bg7 5. d3 e5 6. f4 Nge7 7. Nh3 O-O 8. O-O
d6 9. f5 $1 gxf5 10. exf5 f6 ({In einer Partie hatte ich die Moeglichkeit, mit
dieser Variante schnell zu gewinnen.} 10... Bxf5 11. Rxf5 $1 Nxf5 12. Be4 Nfd4
$2 13. Qh5 f5 14. Bd5+ Kh8 15. Ng5 {1-0 Donev I. - Tiberkov,I Bulgarien (ch)
1978 , Mein Gegner hat aufgegeben weil er verliert nach:} h6 16. Qg6 hxg5 17.
Qh5+ {nebst Matt.}) 11. g4 d5 12. Ne2 Kh8 13. Ng3 Ng8 14. Be3 b6 15. Qc1 (15.
c4 $5 $14 Nce7 (15... Nge7 16. Nh5 Bb7 17. Nxg7 Kxg7 18. Qd2 Kf7 $14) (15...
Nce7 16. Qe2 Bb7 17. g5 fxg5 18. Nxg5 Qe8 19. Ne6 $14)) 15... Bb7 16. Nf2 (16.
g5) 16... Rc8 17. h4 Qd7 18. Qd1 Nge7 19. Bh3 Qc7 20. Nh5 Rg8 21. Qd2 Rcf8 22.
Bg2 (22. Nxg7 Rxg7 23. Bh6 Nxf5 24. Bxg7+ Qxg7 {Der Nachziehende hat mehr als
genug Kompensation für die geopferte Qualität.}) 22... Rf7 23. Nh3 Nd4 24. c3
Nb5 25. Qe2 Nd6 26. Rf2 Ba6 27. Qd1 {In dieser Partie ist merkwürdig, dass die
weisse Dame nach mehreren erfolglosen Versuchen wieder auf dem Ausgangsfeld
landete. Im Gegensatz hierzu ist die schwarze Kollegin bequem hinter dem
starken schwarzen Bauernzentrum platziert und wartet auf einen günstigen
Moment, in dem Sie gegen den abgeschwächten weissen Monarchen den
entscheidenden Angriff einleiten kann.} d4 28. cxd4 cxd4 29. Bc1 Qd7 30. a4
Ndxf5 {Der Nachziehende opfert nicht nur eine Figur für zwei Bauern, sondern
öffnet sogleich auch den Königsflügel (die g-Linie und die c8-h3 Diagonale)
für einen starken Figurenangriff.} 31. gxf5 Nxf5 {[%cal Yg8g1,Yd7h3]} 32. Kh2
$2 (32. Qg4 $142 Ne3 (32... Bc8 33. Qe4) (32... Bxd3 33. Qf3 Ne3 34. Bxe3 dxe3
35. Qxe3 $16) 33. Qxd7 Rxd7 34. Bxe3 dxe3 35. Rxf6 $1 Bxf6 36. Nxf6 Rxg2+ $1
37. Kxg2 Bb7+ 38. Kg3 Rg7+ 39. Ng4 (39. Ng5 h6 $11) 39... h5 40. Ng5 $1 hxg4
$14) (32. a5 Nxh4 33. axb6 Nxg2 34. Rxa6 (34. Rxg2 Bb7 $1 $15) 34... Ne3 35.
Qf3 $13 (35. Bxe3 $2 dxe3 36. Rh2 Bf8+ $19)) 32... Nxh4 $17 33. Be4 f5 34. Ng5
Rff8 35. Nxg7 Qxg7 36. Qh5 fxe4 $19 37. Rxf8 Rxf8 38. Qxh4 e3 39. b3 Rf2+ 40.
Kg3 Bb7 41. Bxe3 dxe3 42. Rg1 h6 0-1

[Event "FIDE-Wch k.o."]
[Site "New Delhi/Teheran"]
[Date "2000.12.01"]
[Round "2.2"]
[White "Short, Nigel D"]
[Black "Nataf, Igor Alexandre"]
[Result "1/2-1/2"]
[WhiteElo "2677"]
[BlackElo "2526"]
[Annotator "Donev,I"]
[PlyCount "65"]
[EventDate "2000.11.27"]
[EventType "k.o."]
[EventRounds "7"]
[EventCountry "IND"]
[SourceTitle "CBM 081"]
[Source "ChessBase"]
[SourceDate "2001.03.20"]
[SourceVersion "1"]
[SourceVersionDate "2001.03.20"]
[SourceQuality "1"]

1. e4 c5 2. Nc3 Nc6 3. g3 g6 4. Bg2 Bg7 5. d3 e5 6. f4 d6 7. Nf3 {Der
englische Großmeister ist ein Spieler der 1.e4 bevorzugt. Wenn man seine
weißen Partien in der letzten Zeit anschaut, dann sieht man, dass er meistens
gegen Sizilianisch kämpfen muss. Darum hat er sich sein Eröffnungs-Repertoire
neben dem offenen Sizilianisch um den Geschlossenen Sizilianer erweitert. Ich
persönlich ziehe die aggressive Variante Sh3 vor, um nach 0-0 den Schlüsselzug
f4-f5 vorzubereiten.  Hier eine unbekannte eigene Partie gegen die
österreichische Schachlegende Georg Danner.} (7. Nh3 Nge7 8. O-O exf4 9. Bxf4
O-O 10. Qd2 Ne5 11. Bh6 Rb8 12. Bxg7 Kxg7 13. Nf4 b5 14. a3 a5 15. a4 b4 16.
Ncd5 Nxd5 17. Nxd5 f6 18. b3 Be6 19. Nf4 Qe7 20. h3 Rbe8 21. Rf2 Bg8 22. Raf1
Nc6 23. h4 Qe5 24. Kh2 Nd4 25. Bh3 Re7 26. Ng2 d5 27. exd5 Bxd5 28. Nf4 Ba8 29.
Bg2 Bxg2 30. Nxg2 Qd6 31. h5 Nf5 32. Rxf5 $1 gxf5 33. Nh4 Re5 34. Nxf5+ Rxf5
35. Rxf5 Re8 36. h6+ Kg6 37. Rf4 $2 (37. Qd1 $1 $16 Kxf5 (37... Kf7 38. Qh5+ (
38. Qg4 Ke7 39. Rf2 Kd8 40. Qf3 Kc7 41. Qf5 Kb8 42. Qxf6 $18) 38... Kf8 39.
Rxc5 Qd4 40. Qf3 Qd8 41. Rd5 Re2+ 42. Qxe2 $18) 38. Qh5+ Ke6 39. Qxe8+ Qe7 40.
Qxe7+ $16) 37... Re5 38. Rg4+ Rg5 39. Qe2 Kxh6 40. Qe4 Kg7 41. Qb7+ Kg6 42.
Qe4+ Kg7 43. Qb7+ {1/2 Donev,I-Danner,G 1995 Feldkirch op (30`)}) 7... Nge7 8.
O-O O-O {Bei der Schacholympiade in Istanbul hat Short in der gleichen
Variante gegen den selben Gegner die Partie gewonnen. Damals hat Nataf in der
Eröffnung durch 5...Tb8 seine Entwicklung verlangsamt und Short durch 9.f5 die
Initiative erobert. Jetzt verbessert der französische Großmeister sein Spiel
und erreicht eine ausgeglichene Stellung.} (8... Rb8 9. f5 $1 gxf5 10. Nh4 $36
{führt mit Zugumstellung zu Short-Nataf Istanbul ol 2000}) 9. Be3 ({
Interessant ist hier der typische Bauernvorstoß im Geschlossenen Sizilianisch:
Für den Leser ein wenig Hausanalyse:} 9. f5 $5 gxf5 {Die kritische
Mittelspielstellung. Für den geopferten Bauern hat der Anziehende starke
Initiative am Königsflügel!} 10. Nh4 fxe4 (10... Nd4 11. exf5 Nexf5 12. Nxf5
Nxf5 13. Nd5 $44 {/\Qh5,Be4,Bg5... mit Angriff}) 11. dxe4 {[%csl Yd5,Yf5]} f5 (
11... Nd4 12. Bg5 f6 13. Be3 f5 14. Bg5 $1 $44) 12. exf5 Nxf5 13. Bd5+ Kh8 14.
Qh5 Nxh4 15. Bg5 $36) 9... Nd4 10. Qd2 Bg4 11. Rf2 Qd7 12. Raf1 exf4 13. Bxf4 (
13. gxf4 Bxf3 14. Bxf3 f5 15. Bg2 Rae8 $11) 13... Nxf3+ 14. Bxf3 Bxf3 {Es ist
selbstverständlich, dass der Elo schwächere französische Grossmeister mit den
schwarzen Steinen versucht, die Stellung zu vereinfachen und auf diese Weise
ein Remis zu erreichen.} 15. Rxf3 b5 (15... d5 16. Bg5 d4 17. Ne2 Nc6 18. Bf6
Ne5 19. Bxe5 Bxe5 20. Nf4 $11) 16. Bh6 b4 17. Bxg7 Kxg7 18. Nd1 (18. Ne2 Qe6 (
18... d5 19. Qg5 $14) 19. c4 bxc3 (19... Qe5 20. Nf4 $14) 20. Qxc3+ Qe5 21. Qc4
$14 {[%cal Yc4f7,Yf3f7]}) 18... f6 19. Ne3 Qe6 20. a3 a5 (20... bxa3 21. bxa3
$14 {/\Qc3 oder Qa5} (21. b3 a5 22. Ra1 a4 23. Rxa3 axb3 24. Rxb3 $11)) 21. Rf4
Rf7 22. Qg2 Raf8 23. g4 {[%cal Ye4f5,Yg4f5,Yf4f6,Yf1f4] Weiß versucht Spiel
gegen den rückständigen f6-Bauern zu organisieren, aber ohne Erfolg. Das
Material ist zu gering und die schwarzen Steine sind schon gut koordiniert.}
Kh8 24. Kh1 Nc6 25. Nd5 {[%cal Yd5f6,Yf4f6,Yf1f4] Steigert den Druck auf den
Bauern f6.} Ne7 26. Ne3 Nc6 {Natürlich ist Schwarz mit Remis zufrieden und
bittet um Zugwiederholung.} 27. Nc4 Ne5 28. Nxa5 bxa3 29. bxa3 Ra8 {Jetzt ist
der Remisausgang unvermeidlich.} 30. Nb3 Rxa3 31. d4 cxd4 32. Nxd4 Qc4 33. Rd1
1/2-1/2

[Event "Reutlingen op"]
[Site "Reutlingen"]
[Date "1997.05.??"]
[Round "?"]
[White "Donev, Ivo Hristov"]
[Black "Zeller, Frank"]
[Result "1-0"]
[WhiteElo "2420"]
[BlackElo "2425"]
[Annotator "Donev,I"]
[PlyCount "63"]
[EventDate "1997.05.??"]
[EventType "swiss"]
[EventRounds "7"]
[EventCountry "GER"]
[SourceTitle "CBM 060"]
[Source "ChessBase"]
[SourceDate "1997.09.29"]
[SourceVersion "1"]
[SourceVersionDate "1997.09.29"]
[SourceQuality "1"]

1. e4 c5 2. Nc3 Nc6 3. g3 g6 4. Bg2 Bg7 5. d3 d6 6. f4 e6 7. Nf3 Nge7 8. O-O
O-O 9. Be3 b6 10. Bf2 Bb7 11. Qd2 Rc8 12. Rae1 Qd7 13. g4 {Im Geschlossenen
Sizilianer lautet der Plan des Anziehenden entweder "Angriff am Königsflügel"
oder "Spiel im Zentrum".} (13. Nd1 d5 14. e5 d4 15. g4 $14 {/\Bg3 oder Bh4
nebst Nf2}) 13... f5 $1 {Das ist der typische Gegenschlag gegen den weißen
Bauernsturm.} 14. h3 Nd4 (14... fxe4 $5 15. dxe4 (15. Rxe4 Nd4 16. Nxd4 Bxe4 (
16... cxd4 17. Bxd4 Bxe4 18. dxe4 $44) 17. dxe4 cxd4 18. Bxd4 Bxd4+ (18... e5
19. Bxe5 $14) 19. Qxd4 $44) 15... Ba6 16. Ne2 Bxb2 17. c3 Ba3 $17) 15. Bh4 Nec6
16. Nd1 Rce8 {Dieser Zug hat gezeigt, daß der Damenturm nicht richtig
platziert war.} 17. c3 ({/\c3} 17. Nh2 e5 18. c3 Ne6 19. exf5 Nxf4 20. Rxf4
exf4 21. Bd5+ Kh8 22. Be6) 17... Nxf3+ 18. Bxf3 Bh6 19. exf5 gxf5 20. g5 (20.
gxf5 Rxf5 21. Bg4 $13) 20... Bg7 21. Qg2 $1 {[%cal Yg2c6] Die weißen Q+B üben
starken Druck auf der großen Diagonale aus.} Nd8 22. Bxb7 Qxb7 23. Qxb7 Nxb7
24. Re2 $1 {[%csl Re6] Es ist versteht sich von selbst, gegen den schwachen
Pe6 die Türme zu verdoppeln.} b5 25. Rfe1 Kf7 {Jetzt muß die Lage der weißen
Leichtfiguren verbessert werden!} 26. Ne3 Na5 (26... a5 27. Nxf5 exf5 28. g6+
hxg6 29. Re7+ Rxe7 30. Rxe7+ Kg8 31. Rxb7 $14) (26... d5 27. Nxd5 $1 exd5 28.
g6+ hxg6 29. Re7+ Rxe7 30. Rxe7+ Kg8 31. Rxb7 $16) 27. Bf2 {Weiß bezitzt einen
leichten aber dauerhaften positionellen Vorteil und einen klaren Plan: Zuerst
wird die Bauernmehrheit am Königsflügel mittels h3-h4-h5 organisiert, dann
folgt der König Kg2-Kf3. Mein Gegner sollte in dieser Zeit Gegenspiel am
Damenflügel entwickeln.} Nc6 28. h4 h5 $2 {Die Idee dieses Zuges ist klar:
Nc6-Ne7-Ng6. Aber von anderen Seite - wegen der Schwächung des Feldes g6 - ist
das ein taktischer Fehler, nach dem die schwarze Stellung zusammenbricht.} (
28... Rb8 $142 29. h5 $1 Rfe8 30. Ng2 $14 b4 31. g6+ hxg6 32. hxg6+ Kf8 (32...
Kf6 33. Rxe6+ $1 Rxe6 34. Bh4+ Kxg6 35. Rxe6+ Kf7 36. Rxd6 $18) 33. Rxe6 bxc3 (
33... Rxe6 $6 34. Rxe6 bxc3 35. bxc3 Bxc3 36. Rxd6 Bd4 37. Ne3 $16) 34. bxc3
Bxc3 35. Rxd6 (35. Rxe8+ Rxe8 36. Rxe8+ Kxe8 $15) 35... Bxe1 36. Bxc5 $1 Nb4
37. Rd7+ Kg8 38. Bd4 $11) (28... b4 $1 {[%csl Rc4] Schwächt das Feld c4.} 29.
Nc4 Rd8 30. Rxe6 $18) 29. Nxf5 $1 $18 Rd8 (29... exf5 30. g6+ {Ablenkung.} Kxg6
31. Rxe8 Kf7 32. Rxf8+ Bxf8 $18) 30. Rxe6 Be5 (30... Ne5 31. Re7+ Kg6 32. Rxg7+
Kxf5 33. fxe5 $18) 31. R1xe5 Nxe5 (31... dxe5 32. Rxc6 $18) 32. Rf6+ {nebst 33.
fe5 und der Rest ist Technik.} 1-0